| 000 | 00565pam a2200157a 44500 | ||
|---|---|---|---|
| 008 | 230515b1996 xxu||||| |||| 00| 0 eng d | ||
| 020 | _aNULL | ||
| 041 | _aENGL | ||
| 082 | _a614 JES/DUG | ||
| 100 | _a"JESAI AMAR,DUGGAL R.,GUPTA M." | ||
| 245 | _aNGOs IN RURAL HEALTH CARE | ||
| 250 | _a2 | ||
| 260 |
_aMUMBAI _bTHE FOUNDATION FOR RESEARCH IN COMMUNITY HEALTH _c1996 |
||
| 300 | _aXI+125 INCLUDES INDE | ||
| 650 | _a"MEDICAL SCIENCES,HEALTH,COMMUNITY HEALTH SERVICES,NGOs AND RURAL HEALTH PROBLEMS,NEW APPROACH - NGOs,VILLAGE HEALTH WORKER,WHO,YMCA,WCC,NSS,PHU" | ||
| 999 |
_c535244 _d535244 |
||